| 000 | 00857nam a2200229 a 4500 | ||
|---|---|---|---|
| 001 | 000039028 | ||
| 005 | 20240412074259.0 | ||
| 008 | 130514s2012 dr 000 0 spa d | ||
| 020 | _a9789945475494 | ||
| 040 |
_aDO-SdBNP _bspa _cBNPHU |
||
| 082 |
_aRD860.508 _bA634L |
||
| 245 | 0 | 4 |
_aAntología de la literatura contemporánea en Moca : _bpoesía y cuento / _cSelección y notas Eugenio Camacho. |
| 260 |
_aSanto Domingo : _bEdiciones Rumbo Norte, _c2012. |
||
| 300 |
_a236 p. ; _c23 cm. |
||
| 590 | _aInventariado, 2018/LP | ||
| 650 | 4 |
_aCuent0s dominicanos _xColecciones _965272 |
|
| 650 | 4 |
_aPoesía dominicana _xColecciones _9351 |
|
| 650 | 0 |
_aLiteratura dominicana. _967 |
|
| 650 | 4 |
_aAutores dominicanos _xHistoria y crítica _922117 |
|
| 651 | 4 |
_aMoca (República Dominicana{Rpara} _xVida Cultural _965273 |
|
| 910 | _aValidado. Control de calidad EMS | ||
| 999 |
_c38518 _d38518 |
||